Electrical Engineering Fundamentals (Record no. 12748)

MARC details
000 -LEADER
fixed length control field 00368nam a2200145Ia 4500
008 - FIXED-LENGTH DATA ELEMENTS--GENERAL INFORMATION
fixed length control field 230312s9999||||xx |||||||||||||| ||und||
020 ## - INTERNATIONAL STANDARD BOOK NUMBER
International Standard Book Number 007-132581-3
082 ## - DEWEY DECIMAL CLASSIFICATION NUMBER
Classification number 621.310
Item number CHA-E
100 ## - MAIN ENTRY--PERSONAL NAME
Personal name Chapman
245 #0 - TITLE STATEMENT
Title Electrical Engineering Fundamentals
260 ## - PUBLICATION, DISTRIBUTION, ETC.
Name of publisher, distributor, etc. McGraw Hill
Place of publication, distribution, etc. Singapore
Date of publication, distribution, etc. 2012
300 ## - PHYSICAL DESCRIPTION
Extent 680
650 ## - SUBJECT ADDED ENTRY--TOPICAL TERM
Topical term or geographic name entry element Engineering
Form subdivision Electrical
942 ## - ADDED ENTRY ELEMENTS (KOHA)
Koha item type BOOK
Holdings
Withdrawn status Lost status Damaged status Not for loan Home library Current library Date acquired Total Checkouts Full call number Barcode Date last seen Price effective from Koha item type
        Superior Information Resource Center (SIRC) Superior University- Main Campus Superior Information Resource Center (SIRC) Superior University- Main Campus 03/13/2023   621.310 CHA-E 12879 03/13/2023 03/13/2023 BOOK

Powered by Koha